|
|
|
|
| LEADER |
01016nam a2200301 a 4500 |
| 001 |
000575819 |
| 003 |
CZ BrMZK |
| 005 |
20080513075941.0 |
| 007 |
ta |
| 008 |
010825s2000 xr b j cze d |
| 015 |
|
|
|a cnb000887716
|
| 020 |
|
|
|a 80-7272-034-1
|q (brož.)
|
| 035 |
|
|
|a (OCoLC)84997041
|
| 040 |
|
|
|a BOA001
|c ze
|d BOA001
|
| 072 |
|
7 |
|a 821-93
|x Literatura pro děti a mládež (beletrie)
|2 Konspekt
|9 26
|
| 080 |
|
|
|a 821-93
|2 MRF
|
| 080 |
|
|
|a 821-32
|2 MRF
|
| 080 |
|
|
|a (0:82-32)
|2 MRF
|
| 100 |
1 |
|
|a Pěkný, Tomáš,
|d 1943-2013
|7 jk01092403
|4 aut
|
| 245 |
1 |
0 |
|a Coletka a pes /
|c Tomáš Pěkný ; [ilustroval Juraj Horváth]
|
| 260 |
|
|
|a Praha :
|b Dauphin,
|c 2000
|
| 300 |
|
|
|a 88 s. :
|b il. ;
|c 19 cm
|
| 655 |
|
7 |
|a příběhy
|7 fd133204
|2 czenas
|
| 655 |
|
7 |
|a publikace pro děti
|7 fd133156
|2 czenas
|
| 700 |
1 |
|
|a Horváth, Juraj,
|d 1974-
|7 jn20000603013
|4 ill
|
| 910 |
|
|
|a BOA001
|b 1-1092.069
|
| 990 |
|
|
|a BK
|
| 996 |
6 |
|
|b 2610145661
|c 1-1092.069
|l MZK
|r Sklad / do 1 hodiny
|n 8
|p p.v.
|w 000575819
|u 000010
|a 1
|e BOA001
|j MZK50
|s P
|